000 01355nam a22003494a 4500
001 ebr10080955
003 CaPaEBR
006 m u
007 cr cn|||||||||
008 020702s2003 enka sb 001 0 eng
020 _z0761961429
020 _z0761961437 (pbk.)
040 _aCaPaEBR
_cCaPaEBR
035 _a(OCoLC)70774197
050 1 4 _aHD30.2
_b.S98 2003eb
082 0 4 _a658.4/038
_222
100 1 _aSzulanski, Gabriel.
245 1 0 _aSticky knowledge
_h[electronic resource] :
_bbarriers to knowing in the firm /
_cGabriel Szulanski.
260 _aLondon ;
_aThousand Oaks :
_bSage Publications,
_c2003.
300 _ax, 139 p. :
_bill.
490 1 _aSage strategy series
504 _aIncludes bibliographical references (p. [126]-135) and index.
533 _aElectronic reproduction.
_bPalo Alto, Calif. :
_cebrary,
_d2013.
_nAvailable via World Wide Web.
_nAccess may be limited to ebrary affiliated libraries.
650 0 _aKnowledge management.
650 0 _aOrganizational learning.
650 0 _aCommunication in organizations.
650 0 _aInterorganizational relations.
655 7 _aElectronic books.
_2local
710 2 _aebrary, Inc.
830 0 _aSage strategy series.
856 4 0 _uhttp://site.ebrary.com/lib/rucke/Doc?id=10080955
_zAn electronic book accessible through the World Wide Web; click to view
999 _c157872
_d157872